Score 0/24 Timer 03:00
1 Play Today
Title Missing Word % Correct
Air ____ OneForce
94.8%
____ Fu Panda 2Kung
93.9%
Dawn of the ____ of the ApesPlanet
89.1%
The Scarlet ____Letter
86.9%
Harry Potter and the ____ of AzkabanPrisoner
86.3%
The ____ ElementFifth
86%
The Dark ____Knight
84.7%
Bram Stoker's ____Dracula
84.6%
Tinker ____ Soldier SpyTailor
81.4%
____ BeginsBatman
73.9%
The Space ____ UsBetween
63.9%
Lost in ____Space
61.8%
Title Missing Word % Correct
A Christmas ____Carol
61.8%
____: The ProfessionalLéon
61.2%
Rosencrantz & Guildenstern Are ____Dead
60.3%
The Book of ____Eli
54.7%
Sid and ____Nancy
53.2%
Prick Up Your ____Ears
50.2%
____ RomanceTrue
45.2%
The Hitman's ____Bodyguard
34.7%
____ HourDarkest
23.8%
____ for CamelotQuest
17%
____ DownMan
7.5%
____ AnonymousKillers
3.4%

Today's Daily Dose

Missing Word
Purple Things

Word Ladder
Bell-Bottoms

Get the Picture
The Beatles Albums

You're not logged in!

Compare scores with friends on all Sporcle quizzes.
OR
Log In

Sporcle TV

Today on Sporcle TV


Watch our educational content, quiz creation guides, and fun videos on Sporcle TV.

Show Comments

Extras

Top Quizzes Today


Score Distribution

Paid Content

Your Account Isn't Verified!

In order to create a playlist on Sporcle, you need to verify the email address you used during registration. Go to your Sporcle Settings to finish the process.

Report this User

Report this user for behavior that violates our Community Guidelines.

Details: